000 00816cam a22002771 4500
001 77325
003 BD-RjUL
005 20211209082947.0
008 720726s1964 nyua b 001 0 eng
035 _a(BD-RjUL)77550
040 _aDLC
_cODaWU
_dOCoLC
_dDLC
_beng
041 _aeng
042 _apremarc
082 _a821.912
_bELI 1954
100 1 _aEllmann, Richard,
_d1918-1987.
_9240887
245 1 4 _aThe identity of Yeats./
_cRichard Ellmann
260 _aLondon :
_bmacmillan,
_c1954
300 _axxiv, 342 p. :
_c21 cm.
490 0 _aA Galaxy book
504 _aincluded Bibliographical references
600 1 0 _aYeats, W. B.
_q(William Butler),
_d1865-1939.
_9240889
906 _a7
_bcbc
_coclcrpl
_du
_encip
_f19
_gy-gencatlg
942 _2ddc
_cBK
999 _c77325
_d77325